00214nam a2200085 a 450000500170000000800410001705000240005810000190008224500270010120140414132033.0110126s19uu xx 00 eng d aTR 793.73bM35 2004 aMarzollo, Jean aI spy a scary monster.